| Поле | Инд. | ПП | Название | Значение |
|---|---|---|---|---|
| Тип записи | a | |||
| Библиографический уровень | b | |||
| 001 | Контрольный номер | UNIDUBNA46c8c8d1d51e45e7a44631ea869b53e8 | ||
| 005 | Дата корректировки | 20260522203748.3 | ||
| 008 | Кодируемые данные | 20170331 | ||
| 040 | b | Код языка каталог. | rus | |
| e | Правила каталог. | PSBO | ||
| 041 | 0_ | a | Код языка текста | rus |
| 084 | a | Индекс другой классификации/Индекс ББК | 63.3(2)6-7ю14 | |
| 100 | 1_ | a | Автор | Сорокин А. |
| e | Роль лиц | Сорокин Андрей | ||
| 100 | 1_ | a | Автор | Леонтьева Н. |
| q | Полное имя | Леонтьева Надежда | ||
| 245 | 10 | a | Заглавие | "Мне выпало счастье близко знать Ульяновых..." |
| b | Продолж. заглавия | Фрагменты воспоминаний Виктории Ульяновой - жены племянника В. И. Ленина Виктора Дмитриевича публикуются впервые | ||
| 520 | 0_ | a | Аннотация | Среди огромного количества мемуарных свидетельств о жизни советских вождей выделяются воспоминания, написанные в разное время детьми руководителей Советского Союза. Сохранились многочисленные воспоминания членов семьи Ульяновых о жизни В. И. Ленина и его ближайших родственников. В статье публикуются избранные отрывки воспоминаний Виктории Николаевны Ульяновой. Они были собственноручно записаны ею в 1988 годы после выхода на пенсию. Отдельные вставки по тексту воспоминаний сделаны ей в 1999 году. Они содержат интересные бытовые подробности о жизни и круге общения сестер Ленина, его племянника Виктора и Н. К. Крупской. |
| 600 | 14 | a | Персоналии | Крупская Надежда Константиновна |
| a | Персоналии | Ульянов Виктор Дмитриевич | ||
| a | Персоналии | Ульянова Анна Ильинична | ||
| a | Персоналии | Ульянова Виктория Николаевна | ||
| a | Персоналии | Ульянова Мария Ильинична | ||
| 650 | 14 | a | Основная рубрика | история |
| 653 | 0_ | a | Ключевые слова | XX век |
| a | Ключевые слова | быт | ||
| a | Ключевые слова | Горки | ||
| a | Ключевые слова | кремлевский быт | ||
| a | Ключевые слова | Кремль | ||
| a | Ключевые слова | Москва | ||
| a | Ключевые слова | общественно-политическая жизнь | ||
| a | Ключевые слова | повседневность | ||
| a | Ключевые слова | Россия | ||
| a | Ключевые слова | семья | ||
| a | Ключевые слова | советский период | ||
| a | Ключевые слова | СССР | ||
| 773 | 08 | t | Заглавие источника | Родина |
| d | Дата издания источника | 2026 | ||
| g | Прочая информация | № 4. - С. 102 - 110 : фот., ил. | ||
| w | Контрольный № источника | UNIDUBNAd3f1dc7f83864c1389850c509fe509f0 | ||
| 901 | t | Тип документа | b |